Dal Monte Rosa alla terra dei faraoni : Giuseppe Botti, una vita per i papiri dell'antico Egitto /

محفوظ في:

المؤلف الرئيسي: Botti, Marco (مؤلف)

التنسيق: كتاب

اللغة: Italian

منشور في: Trento : Tangram, 2011.

الطبعة: 1. ed.

سلاسل: Papyrotheke.

الموضوعات:

الوسوم: إضافة وسم

لا توجد وسوم, كن أول من يضع وسما على هذه التسجيلة!

رقم الطلب: PJ1064 .B68 B68 2011

LEADER 00862nam a22002657a 4500
003 OSt
005 20251013101112.0
008 251013t2011 it a g b 000 0bita d
020 |a 9788864580197 
040 |c ARCE Library 
043 |a e-it--- 
050 1 4 |a PJ1064 .B68  |b B68 2011 
100 1 |a Botti, Marco,  |e author 
245 1 0 |a Dal Monte Rosa alla terra dei faraoni :   |b Giuseppe Botti, una vita per i papiri dell'antico Egitto /   |c Marco Botti.  
250 |a 1. ed. 
264 1 |a Trento :   |b Tangram,   |c 2011. 
300 |a 546 pages :   |b illustrations (some color) ;   |c 24 cm. 
490 0 |a Papyrotheke. 
504 |a Includes bibliographical references (p. 497-546). 
600 1 0 |a Botti, Giuseppe,  |d 1889-1968. 
650 0 |a Egyptologists  |z Italy  |v Biography. 
650 0 |a Egyptology  |z Italy  |x History. 
901 |a reviewed 
942 |c BK  |2 lcc 
999 |c 23636  |d 23636